The heart of the Antarctic; (Record no. 552840)
[ view plain ]
| 000 -LEADER | |
|---|---|
| fixed length control field | 00969cam a22001931 4500 |
| 082 ## - DEWEY DECIMAL CLASSIFICATION NUMBER | |
| Classification number | 998.9 |
| Author Mark | SHA |
| 100 1# - MAIN ENTRY--PERSONAL NAME | |
| Personal name | Shackleton, Ernest Henry, |
| 9 (RLIN) | 50093 |
| 245 14 - TITLE STATEMENT | |
| Title | The heart of the Antarctic; |
| Remainder of title | being the story of the British Antarctic Expedition 1907-1909, |
| Statement of responsibility, etc. | by E. H. Shackleton, C. V. O., with an introduction by Hugh Robert Mill, D. SC., an account of the first journey to the south magnetic pole by Professor T. W. Edgeworth David, F. R. S. |
| 260 ## - PUBLICATION, DISTRIBUTION, ETC. | |
| Place of publication, distribution, etc. | Philadelphia, |
| Name of publisher, distributor, etc. | J.B. Lippincott company, |
| Date of publication, distribution, etc. | 1909. |
| 300 ## - PHYSICAL DESCRIPTION | |
| Extent | 2 v. |
| Other physical details | fronts., illus., fold. plates (part col., 2 fold.) ports., maps(part fold.), facsim., diagrs. |
| Dimensions | 26 cm. |
| 500 ## - GENERAL NOTE | |
| General note | Many of the plates printed on both sides. |
| 500 ## - GENERAL NOTE | |
| General note | One folded plate and 3 folded maps in pocket. |
| 526 ## - STUDY PROGRAM INFORMATION NOTE | |
| Program name | 0 |
| Interest level | 0 |
| Reading level | 0 |
| Title point value | 998_900000000000000_SHA |
| 526 ## - STUDY PROGRAM INFORMATION NOTE | |
| Program name | 0 |
| Interest level | 0 |
| Reading level | 0 |
| Title point value | 998_900000000000000_SHA |
| 650 ## - SUBJECT ADDED ENTRY--TOPICAL TERM | |
| Topical term or geographic name entry element | MCE |
| 9 (RLIN) | 379 |
| 700 1# - ADDED ENTRY--PERSONAL NAME | |
| Personal name | David, T. W. Edgeworth |
| 9 (RLIN) | 50094 |
| 700 1# - ADDED ENTRY--PERSONAL NAME | |
| Personal name | Mill, Hugh Robert, |
| 9 (RLIN) | 50095 |
| 942 ## - ADDED ENTRY ELEMENTS (KOHA) | |
| Source of classification or shelving scheme | |
| Koha item type | Book |
| Withdrawn status | Lost status | Source of classification or shelving scheme | Damaged status | Not for loan | Permanent Location | Current Location | Shelving location | Date acquired | Total Checkouts | Full call number | Barcode | Date last seen | Price effective from | Koha item type |
|---|---|---|---|---|---|---|---|---|---|---|---|---|---|---|
| Military College of Engineering (MCE) | Military College of Engineering (MCE) | 01/23/2015 | 998.9 SHA | MCE-ECH/63 | 01/23/2015 | 01/23/2015 | Book | |||||||
| Military College of Engineering (MCE) | Military College of Engineering (MCE) | 01/23/2015 | 998.9 SHA | MCE-ECN/117 | 01/23/2015 | 01/23/2015 | Book |
